Datum a čas kvízu
31
Celkem bodů
Celkový počet nahraných bodů na tomto kvízu bez doplňovacích otázek.
8.
Pořadí na kvízu
Konečné umístění týmu na tomto kvízu.
Zaznamenané odpovědi
# | Otázka | Odpověď | Body | Výsledky |
---|---|---|---|---|
1. | Čtvrt roku byli na cestě a ura... | D) Velorex | 1 | |
2. | Letadlo na lince z Paříže do k... | usnul | 0 | |
3. | Při oslavě osmistého výročí ji... | v Hradci Králové | 0 | |
4. | Finská firma Bluefors uzavřela... | na Měsíci | 0 | |
5. | Českému hokejistovi Jakubu Lau... | Michigan | 1 | |
6. | Ve spolupráci s Radou Evropy j... | 1C 2D 3B 4A | 1 | |
7. | Co znamená maďarské slovo hétf... | pondělí | 0 | |
8. | Jak se na V jmenuje autonomní... | Vojvodina | 1 | |
9. | Která z těchto knih nebyla nap... | A | 1 | |
10. | Pozoruhodným jazykem je velšti... | křeček | 1 |